| 000 | 02673ngm a2200457 4500 | ||
|---|---|---|---|
| 003 | dpl | ||
| 005 | 20081212151240.0 | ||
| 007 | DVD | ||
| 008 | ||||||sp199 xxu|||||c ||| 00| 0 ng d | ||
| 010 | _aDVD-001402-1403 & DVD-005686-5690 | ||
| 024 |
_aSHE DVD 184 _c169.00 |
||
| 035 | _aDVD-001402-1403 | ||
| 035 | _aDVD-005686-5690 | ||
| 040 |
_aDPL _cDPL |
||
| 082 | _aDVD / MAHA | ||
| 245 |
_aMahabali Hanuman _cHomi Wadia Presents _h[videorecording] DVD/ |
||
| 260 | _bShemaroo Video Pvt. Ltd. | ||
| 300 |
_a1 videodisc DVD; (131 min.) : _bsd., col. ; _c4 3/4 in. _fDVD |
||
| 440 | _aShemaroo Home Entertainment | ||
| 500 | _aDigitally Re-Mastered From the Original Film | ||
| 538 | _aDolby Digital 5.1 - Hindi Subtitles: English | ||
| 538 | _aAnamorphic Wide Screen Format, Presented 2:35.1 Aspect Ratio Enhancaead for 16:9 Wide Screen | ||
| 650 | _aMotion Picture | ||
| 700 | _aMistry, Babubhai | ||
| 700 | _aKamlakant | ||
| 700 | _aPandey, Rakesh | ||
| 700 | _aKavita Kiran | ||
| 700 | _aDesai, Manhar | ||
| 700 | _aAnjana | ||
| 700 | _aRaj Kumar | ||
| 942 |
_cCF _2ddc _hDVD _mMAHA |
||
| 999 |
_c19776 _d19776 |
||